Word Ladder: Oceanic Capital Quiz Stats

Quiz Updated May 27, 2016

Challenge
Share
Tweet
Embed
Score 0/12 Timer 01:00
0 Plays Today
Clue 4-Letter Word % Correct
Future's oppositePAST
97.7%
Set of actorsCAST
97%
Plunge head firstDIVE
96.3%
To eat by candlelightDINE
95.5%
24 cans of beerCASE
93.9%
Comic Chappelle or musician Grohl, e.g.DAVE
93.2%
Hole in a cliff sideCAVE
93%
Piece; dividePART
83.3%
App for making short looping videosVINE
74.4%
Extremely unpleasantVILE
68.2%
🌏 First part of Vanuatu's capital 🌏🌏 PORT 🌏
45.8%
🌏 Second part of Vanuatu's capital 🌏🌏 VILA 🌏
37.3%

Today's Daily Dose

You're not logged in!

Compare scores with friends on all Sporcle quizzes.
Sign Up with Email
OR
Log In

You Might Also Like...

Show Comments

Extras

Top Quizzes Today


Score Distribution

Your Account Isn't Verified!

In order to create a playlist on Sporcle, you need to verify the email address you used during registration. Go to your Sporcle Settings to finish the process.